Los bienes intangibles en la ley 24.522 (Registro nro. 33303)

Detalles MARC
000 -LEADER
fixed length control field 00342 a2200109 4500
001 - CONTROL NUMBER
control field ART_41524
005 - DATE AND TIME OF LATEST TRANSACTION
control field 20260410162023.0
008 - FIXED-LENGTH DATA ELEMENTS--GENERAL INFORMATION
fixed length control field 260409a
100 1# - MAIN ENTRY--PERSONAL NAME
Personal name Celano, Juan Carlos
245 10 - TITLE STATEMENT
Title Los bienes intangibles en la ley 24.522
773 0# - HOST ITEM ENTRY
Title Revista de las sociedades y concursos
Related parts - Nº 28 (mayo/jun. 2004)
Record control number REV41519

No hay ítems disponibles.